| 000 | 00770nam a22002297a 4500 | ||
|---|---|---|---|
| 003 | 0 | ||
| 005 | 20250911151602.0 | ||
| 008 | 250911b xxu||||| |||| 00| 0 eng d | ||
| 020 | _a978-1-394-27602-8 | ||
| 050 |
_aHF 5636 _b.K54 2024 |
||
| 100 |
_aKieso, Donald E., _eauthor. |
||
| 245 |
_aIntermediate accounting / _cDonald E. Kieso, Jerry J. Weygandt, and Terry D. Warfield. |
||
| 250 |
_aFifth edition. _bIFRS edition. |
||
| 260 |
_aSingapore : _bJohn Wiley & Sons Singapore Pte. Ltd, _c2024. |
||
| 300 |
_axxxi, various pagination : _billustrations ; _c28 cm. |
||
| 504 | _aIncludes index. | ||
| 650 | _aAccounting. | ||
| 650 | _aIntermediate accounting. | ||
| 700 |
_aWeygandt, Jerry J., _eauthor. |
||
| 700 |
_aWarfield, Terry D., _eauthor. |
||
| 942 |
_2lcc _cBK |
||
| 999 |
_c367901 _d367901 |
||